000 00607nam a2200193 i 4500
001 148622
003 ES-MaACL
005 20250815001141.0
007 t|
008 070214s1972 sp r ||||1| spa d
100 1 _aSuárez Fernández, Luis,
_d1924-2024
_9240112
245 1 0 _aManual de historia universal
_b: Edad Media /
_cLuis Suárez Fernández.
250 _a2ª. ed. muy ampliada.
260 _aMadrid :
_bEspasa Calpe,
_c1972.
300 _a852 p. :
_bil. ;
_c25 cm.
650 7 _aHistoria medieval
_2embne
_913411
852 _aES-MaACL
_jC-48226
_bR.84901
999 _c148622
_d148622